LEADER 00961nam0-2200325 --450 001 9910374059703321 005 20210701110958.0 010 $a978-88-575-4185-3 100 $a20200224d2019----kmuy0itay5050 ba 101 0 $aita 102 $aIT 105 $aa 001yy 200 1 $a<>autoritratto$ecinema e configurazione della soggettività$fLaura Busetta 210 $aMilano$aUdine$cMimesis$d2019 215 $a224 p.$cill.$d21 cm 225 1 $aMimesis. Cinema minima$v75 320 $aContiene bibl. (pp. 211-218) 610 0 $aCinema$aImpiego [degli] Autoritratti 676 $a709.04075$v23$zita 676 $a791.43$v23$zita 700 1$aBusetta,$bLaura$0781673 801 0$aIT$bUNINA$gREICAT$2UNIMARC 901 $aBK 912 $a9910374059703321 952 $a791.43 BUS 1$b2020/220$fFLFBC 952 $aCOLLEZ. 2843 (75)$b1608/2021$fFSPBC 959 $aFSPBC 959 $aFLFBC 996 $aAutoritratto$91733445 997 $aUNINA LEADER 03192oam 2200637 450 001 9910137460503321 005 20230125233136.0 010 $a2-8218-1486-0 010 $a2-7226-0171-0 024 7 $a10.4000/books.cdf.506 035 $a(CKB)3170000000061043 035 $a(SSID)ssj0000855511 035 $a(PQKBManifestationID)12386279 035 $a(PQKBTitleCode)TC0000855511 035 $a(PQKBWorkID)10929233 035 $a(PQKB)11647970 035 $a(FrMaCLE)OB-cdf-506 035 $a(oapen)https://directory.doabooks.org/handle/20.500.12854/59007 035 $a(PPN)267951205 035 $a(EXLCZ)993170000000061043 100 $a20160829d2012 uy 0 101 0 $afre 135 $au|b|#---||||| 181 $ctxt$2rdacontent 182 $cc$2rdamedia 183 $acr$2rdacarrier 200 10$aSciences des données $ede la logique du premier ordre à la Toile / Serge Abiteboul 210 $cCollège de France$d2012 210 1$aParis, France :$cFayard,$d2012. 210 4$d©2012 225 0 $aLeðcons inaugurales du Colláege de France Sciences des donnâees 311 $a2-213-66910-4 320 $aIncludes bibliographical references. 330 $aConc?us a? partir d'un langage formel, la logique du premier ordre, les syste?mes de gestion de bases de donne?es relationnels servent de me?diateurs entre l'individu et la machine : ils traduisent les donne?es en informations. Avec l'augmentation du volume de donne?es distribue?es sur la Toile e?merge aujourd'hui une "intelligence collective" fac?onne?e par de grands moteurs de recherches dont le monopole soule?ve des questions e?thiques et politiques. Un des grands de?fis des anne?es a? venir est de de?velopper les technologies qui permettront de trouver, d'e?valuer, de valider, de ve?rifier, de hie?rarchiser l'information pour construire la "Toile des connaissances" de demain. Relational database management systems, using as foundations a formal language, first-order logic, serve as mediators between individuals and machines. With the increase in the volume of data disseminated on the Web, a "collective intelligence" is currently emerging, shaped by large search engines whose monopoly raises ethical and political questions. One of the main challenges for the coming years is the development of technologies that will make it possible to find, evaluate, validate, verify and rank information, and thus to build tomorrow's "Web of knowledge." 606 $aDatabase management 606 $aRelational databases 606 $aFirst-order logic 606 $aWorld Wide Web 606 $aComputer Science 610 $aconnaissance 610 $agestion de bases de données 610 $asciences numériques 610 $ainformatique 615 0$aDatabase management. 615 0$aRelational databases. 615 0$aFirst-order logic. 615 0$aWorld Wide Web. 615 0$aComputer Science. 676 $a005.7 700 $aAbiteboul$b Serge$0315264 801 0$bPQKB 801 2$bUkMaJRU 906 $aBOOK 912 $a9910137460503321 996 $aSciences des données$92263159 997 $aUNINA LEADER 02996nas 2200973-a 450 001 996212441703316 005 20231201051851.0 035 $a(OCoLC)39166800 035 $a(CKB)954925565691 035 $a(CONSER)--2006233093 035 $a(DE-599)ZDB1480750-6 035 $a(EXLCZ)99954925565691 100 $a19980522a19889999 s-- a 101 0 $aeng 135 $aurmnu|||||||| 181 $ctxt$2rdacontent 182 $cc$2rdamedia 183 $acr$2rdacarrier 200 10$aRobotics and autonomous systems 210 $aAmsterdam $cElsevier Science Pub.$d©1988- 300 $aTitle from contents screen (ScienceDirect, viewed Jan 26, 2006). 300 $aRefereed/Peer-reviewed 311 $a1872-793X 311 $a0921-8890 517 1 $aRobotics 531 $aROBOT AUTON SYSTEMS 531 $aROBOT AUTON SYST 531 $aROBOT AUT S 531 $aROB AUTOM SYST 531 $aINT. J. ROBOT. AUTON. SYST 531 $aROB AUTON SYST 531 $aROBOTICS & AUTONOMOUS SYSTEMS 531 $aROBOT. AUTON. SYST 606 $aRobotics$vPeriodicals 606 $aRobots$vPeriodicals 606 $aRobots, Industrial$vPeriodicals 606 $aAutomatic control$vPeriodicals 606 $aRobotics$xPeriodicals 606 $aRobots, Industrial$xPeriodicals 606 $aAutomatic control$xPeriodicals 606 $aRobotique$xPériodiques 606 $aRobots$vPériodiques 606 $aRobots industriels$xPériodiques 606 $aCommande automatique$xPériodiques 606 $aRobotique$vPériodiques 606 $aRobots industriels$vPériodiques 606 $aCommande automatique$vPériodiques 606 $aAutomatic control$2fast$3(OCoLC)fst00822702 606 $aRobotics$2fast$3(OCoLC)fst01098997 606 $aRobots$2fast$3(OCoLC)fst01099038 606 $aRobots, Industrial$2fast$3(OCoLC)fst01099080 606 $aAutonomes System$2gnd 606 $aZeitschrift$2gnd 606 $aIndustrieroboter$2gnd 606 $aRobotica$2gtt 606 $aCIM$2gtt 608 $aPeriodicals.$2fast 615 0$aRobotics 615 0$aRobots 615 0$aRobots, Industrial 615 0$aAutomatic control 615 0$aRobotics$xPeriodicals. 615 0$aRobots, Industrial$xPeriodicals. 615 0$aAutomatic control$xPeriodicals. 615 6$aRobotique$xPériodiques. 615 6$aRobots 615 6$aRobots industriels$xPériodiques. 615 6$aCommande automatique$xPériodiques. 615 6$aRobotique 615 6$aRobots industriels 615 6$aCommande automatique 615 7$aAutomatic control. 615 7$aRobotics. 615 7$aRobots. 615 7$aRobots, Industrial. 615 7$aAutonomes System 615 7$aZeitschrift 615 7$aIndustrieroboter 615 17$aRobotica. 615 17$aCIM. 906 $aJOURNAL 912 $a996212441703316 996 $aRobotics and autonomous systems$91895904 997 $aUNISA